| 000 | 00637nam a2200217 a 4500 | ||
|---|---|---|---|
| 001 | 56650 | ||
| 003 | BD-RjUL | ||
| 005 | 20211209080423.0 | ||
| 008 | 161203s1958 nyua|||| |||| 001 0 eng d | ||
| 035 | _a(BD-RjUL)56774 | ||
| 040 |
_aBD-RjUL _beng _cBD-RjUL _dBD-RjUL |
||
| 041 | _aeng | ||
| 082 |
_223 _a111.85 _bBEA 1958 |
||
| 100 |
_aBeardsley, Monroe C. _9168507 |
||
| 245 |
_aAesthetics : _bproblems in the philosophy of criticism / _cMonroe C Beardsley |
||
| 260 |
_aNew York : _b Brace & World, _cc 1958. |
||
| 300 |
_axi, 614 p. : _bill. ; _c22 cm. |
||
| 500 | _aIncludes index | ||
| 650 |
_aAesthetics. _9124124 |
||
| 942 |
_2ddc _cBK |
||
| 999 |
_c56650 _d56650 |
||